Municipios leoneses por sus hermanamientos - Estadísticas

Estadísticas generales
  • Esta prueba ha sido intentada 8 veces
  • La puntuación promedio es 5 de 17
Estadísticas de respuestas
Municipios hermanados Municipio leonés % Correcto
Braganza, PortugalChartres, Francia Dublín, Irlanda León, México Oporto, Portugal Vorónezh, Rusia Xiangtan, China León
100%
Altagracia de Orituco, Venezuela Braganza, Portugal Yaritagua, Venezuela Zamora, Ecuador Zamora
57%
Aranchón, FranciaAveiro, Portugal Figueira da Foz, Portugal Viseo, Portugal Ciudad Rodrigo
43%
Braganza, PortugalGennevilliers, Francia Tooele, Estados Unidos La Bañeza
43%
Brujas, Bélgica Buenos Aires, Argentina Cambridge, Reino Unido Coímbra, Portugal Nimes, Francia Salamanca, México Wurzburgo, Alemania Salamanca
43%
Condom, FranciaDormagen, Alemania Toro
43%
Rivodutri, Italia Candelario
29%
Pachuca de Soto, México Ponferrada
29%
Guarda, Portugal Béjar
14%
Puebla de Zaragoza, MéxicoVila Real, Portugal Benavente
14%
Pinhel, Portugal Guijuelo
14%
Soullans, Francia Ledesma
14%
Montenero Val Cocchiara, Italia Lumbrales
14%
Moissac, Francia Astorga
0%
São Domingos, Cabo Verde Bembibre
0%
Buxerolles, Francia La Robla
0%
El Tocuyo, Venezuela Villafranca del Bierzo
0%
No se encontraron pruebas coincidentes
Distribución de puntuación
Porcentaje de gente con cada puntuación
Porcentaje por número respondido
Historial de tus puntuaciones
No has intentado esta prueba.